00482nam a22001697a 450000500170000001000150001702000260003203500140005803700090007208200130008110000220009424500470011625000060016326000440016927000780021330000210029120250529155824.0 aENG-145049 a9789391317836c300.00 aEN-128581 bDBAD a380.121 aTripathi, Sandeep aDigital Marketing Hacks/cSandeep Tripathi a1 aNoidac2022bJAI3E Books and Publishing a2203, Express Trade Towers-2, Sector-132mjaip3e@gmail.combNoidae201304 a150p.c22cm (hb)